Pruebas de bondad de ajuste normal-poisson-weibull
Gespeichert in:
| 1. Verfasser: | |
|---|---|
| Format: | Buch |
| Veröffentlicht: |
[San José , Costa Rica]
1972
|
| Tags: |
Tag hinzufügen
Keine Tags, Fügen Sie den ersten Tag hinzu!
|
MARC
| LEADER | 00000nam a2200000Ia 4500 | ||
|---|---|---|---|
| 003 | 001367 | ||
| 005 | 20221231144204.0 | ||
| 008 | 140114s1972 cr a m 000 ||s d | ||
| 040 | |c cru CEDI | ||
| 090 | |a TFG 4240 | ||
| 100 | |a Wiessel Baldioceda,Carlos |9 7918 | ||
| 245 | |a Pruebas de bondad de ajuste normal-poisson-weibull | ||
| 260 | |c 1972 |a [San José , Costa Rica] | ||
| 300 | |a 71 hojas | ||
| 500 | |a Proyecto de graduación (licenciatura en ingeniería química)--Universidad de Costa Rica. Facultad de Ingeniería. Escuela de Ingeniería Química | ||
| 942 | |c TFG | ||
| 999 | |c 18178 |d 18178 | ||
